• 首页
  • 本馆介绍
  • 公告通知
  • 最新文献
  • 馆藏检索
  • 电子资源
  • 读者导购
  • 参考咨询
  • 我的图书馆
  • 登录
  • 详细信息显示
  • 放入我的书架
  • 预约/预借图书
  • 作者相关作品
  • 分类相关作品
  • 丛书相关作品
  • 出版社相关作品

书目信息

  • 表格格式
  • 工作单格式
  • 卡片格式
题名:
构图基础入门
    
 
作者: 黄菁 著
分册:  
出版信息: 南宁   广西美术出版社  1995.8
页数: 32页
开本: 26cm
丛书名: 美术基础入门画库
单 册:
中图分类: J206.1
科图分类:
主题词: 绘画理论
电子资源:
ISBN: 7-80582-893-8
000 00560nam0 2200217 45
001 0003070995
005 20040517095138.4
010    @a7-80582-893-8@dCNY4.20
100    @a20000307d1995 km y0chiy0120 ea
101    @achi
105    @aa z 000yy
200 1  @a构图基础入门@f黄菁著
210    @a南宁@c广西美术出版社@d1995.8
215    @a32页@c图@d26cm
225    @a美术基础入门画库
410    @12001 @a美术基础入门画库
606 0  @a绘画理论
690    @aJ206.1@v1
701    @a黄菁@4著
801    @aCN@bTSTC@c20000307
905    @dJ206.1@e145@f4@b285596-599
    
    构图基础入门/黄菁著.-南宁:广西美术出版社,1995.8
    32页:图;26cm.-(美术基础入门画库)
    
    
    ISBN 7-80582-893-8:CNY4.20
    
●
相关链接 在E读中查询图书 在五车中查询图书 在当当中查询图书 在豆瓣中查询图书


正题名:构图基础入门     索取号:J206.1/145         预约/预借

序号 登录号 条形码 馆藏地/架位号 状态 备注
1 0285596   002855967   第一借阅区/ [索取号:J206.1/145] 在馆    
2 0285597   002855976   第一借阅区/ [索取号:J206.1/145] 在馆    
3 0285598   002855985   第一借阅区/ [索取号:J206.1/145] 在馆    
4 0285599   002855994   第一借阅区/ [索取号:J206.1/145] 在馆    
5 0285600   002856001   第一样本阅览室/ [索取号:J206.1/145] 在馆    
唐山师范学院图书馆 欢迎您!
大连网信软件有限公司© 版权所有